Personalbeschaffung und -auswahl für Managerpositionen in der Slowakischen Republik

Guardado en:
Detalles Bibliográficos
Autor principal: Zúbriková, Darina
Otros Autores: Blštáková, Jana, 1980-
Formato: Capítulo de libro
Lenguaje:alemán
Materias:
Etiquetas: Agregar Etiqueta
Sin Etiquetas, Sea el primero en etiquetar este registro!

MARC

LEADER 00000naa$a2200000$$$4500
001 0076860
005 20240502083214.5
041 0 |a ger 
044 |a DE 
245 1 0 |a Personalbeschaffung und -auswahl für Managerpositionen in der Slowakischen Republik  |c Darina Zúbriková, Jana Blštáková 
610 2 0 |a výber pracovníkov 
610 2 0 |a manažéri 
610 2 0 |a zabezpečenie personálne 
610 2 0 |a Slovensko 
100 1 |a Zúbriková, Darina 
700 1 |a Blštáková, Jana, 1980-